Comparative ecology
Gorde:
| Egile nagusia: | |
|---|---|
| Formatua: | Liburua |
| Hizkuntza: | ingelesa |
| Argitaratua: |
Nueva York
Cambridge University Press
1980
|
| Gaiak: | |
| Etiketak: |
Etiketa erantsi
Etiketarik gabe, Izan zaitez lehena erregistro honi etiketa jartzen!
|
MARC
| LEADER | 00000nam a2200000 a 4500 | ||
|---|---|---|---|
| 001 | UCU1755 | ||
| 003 | CL-VaPUC | ||
| 008 | 960412e19800000US |||||||||||||||||eng|d | ||
| 082 | 0 | 4 | |a 577 |b ITO |2 21 |
| 100 | 0 | |a Ito, Y |e author |9 357489 | |
| 245 | 1 | 0 | |a Comparative ecology |
| 300 | |a 436 p | ||
| 942 | |c BK | ||
| 945 | |d 19960412 00:00:00 |a rleighto | ||
| 260 | |a Nueva York |b Cambridge University Press |c 1980 | ||
| 650 | 0 | |a Ecología |9 258124 | |
| 650 | 0 | |a Animales |9 357490 | |
| 650 | 7 | |a PECES |2 CL-VaPUC |9 357491 | |
| 650 | 0 | |a Invertebrados |9 261302 | |
| 650 | 0 | |a Anfibios |9 269791 | |
| 650 | 0 | |a Zoogenética |9 357492 | |
| 650 | 0 | |a Aves |9 262192 | |
| 650 | 7 | |a MAMIFEROS |2 CL-VaPUC |9 266111 | |
| 650 | 0 | |a Insectos |9 264174 | |
| 650 | 7 | |a POBLACION ANIMAL |2 CL-VaPUC |9 261591 | |
| 583 | |a last modification |c 19960412 00:00:00 |k Rodrigo Vera | ||
| 999 | |c 246269 |d 246267 | ||
| 952 | |0 0 |1 0 |4 0 |6 577_000000000000000_ITO_1980 |7 0 |8 A |9 261095 |a BIBCUR |b BIBCUR |d 2019-11-19 |i 3188612 |o 577 ITO 1980 |p 3188612 |r 2025-04-22 |w 2019-11-19 |y BK |k BCB | ||